Cytology, genetics and molecular biology / (Record no. 84071)

MARC details
000 -LEADER
fixed length control field 00872nam a22002777a 4500
001 - CONTROL NUMBER
control field 9781799699187
003 - CONTROL NUMBER IDENTIFIER
control field URS
005 - DATE AND TIME OF LATEST TRANSACTION
control field 20250819120335.0
008 - FIXED-LENGTH DATA ELEMENTS--GENERAL INFORMATION
fixed length control field 250220b |||||||| |||| 00| 0 eng d
020 ## - INTERNATIONAL STANDARD BOOK NUMBER
International Standard Book Number 9781799699187
040 ## - CATALOGING SOURCE
Language of cataloging eng
Transcribing agency URS
Modifying agency URS
100 1# - MAIN ENTRY--PERSONAL NAME
Personal name Morton, Louisa,
Relator term author
245 ## - TITLE STATEMENT
Title Cytology, genetics and molecular biology /
Statement of responsibility, etc. Louisa Morton
264 #1 - PRODUCTION, PUBLICATION, DISTRIBUTION, MANUFACTURE, AND COPYRIGHT NOTICE
Place of production, publication, distribution, manufacture California :
Name of producer, publisher, distributor, manufacturer Tritech Digital Media
Date of production, publication, distribution, manufacture, or copyright notice 2020.
300 ## - PHYSICAL DESCRIPTION
Extent 1 online resource.
336 ## - CONTENT TYPE
Source rdacontent
Content type term text
Content type code txt
337 ## - MEDIA TYPE
Source rdamedia
Media type term computer
Media type code cnb
338 ## - CARRIER TYPE
Source rdacarrier
Carrier type term online
Carrier type code resource
504 ## - BIBLIOGRAPHY, ETC. NOTE
Bibliography, etc. note Includes bibliographical references.
650 #0 - SUBJECT ADDED ENTRY--TOPICAL TERM
Topical term or geographic name entry element Cytology
650 #0 - SUBJECT ADDED ENTRY--TOPICAL TERM
Topical term or geographic name entry element Genetics
650 #0 - SUBJECT ADDED ENTRY--TOPICAL TERM
Topical term or geographic name entry element Molecular biology
710 ## - ADDED ENTRY--CORPORATE NAME
Corporate name or jurisdiction name as entry element Tritech Digital Media
856 ## - ELECTRONIC LOCATION AND ACCESS
Uniform Resource Identifier <a href="https://tdmebooks.com/book-detail.php?book_id=Njc3Mw== ">https://tdmebooks.com/book-detail.php?book_id=Njc3Mw== </a>
Public note Available online
942 ## - ADDED ENTRY ELEMENTS (KOHA)
Source of classification or shelving scheme Library of Congress Classification
Koha item type E-Book
Holdings
Withdrawn status Source of classification or shelving scheme Damaged status Not for loan Home library Current library Date acquired Total Checkouts Date last seen Price effective from Koha item type
  Library of Congress Classification     E-Books Tritech E-Books Tritech 02/20/2025   02/20/2025 02/20/2025 E-Book

University of Rizal System
Email us at univlibservices@urs.edu.ph

Visit our Website www.urs.edu.ph/library